| 000 | 01423cam a2200313 i 4500 | ||
|---|---|---|---|
| 003 | SA-RiAUC | ||
| 005 | 20250418140611.0 | ||
| 008 | 250328s1992 le g d 001 0 ara c | ||
| 024 | 0 | _a33000000008271 | |
| 040 |
_aKW-ShULA _bara _cSA-RiAUC _erda |
||
| 050 | 4 | _b.A28 1992 | |
| 082 | 0 | 4 |
_a413 _qSA-RiAUC |
| 090 |
_a413 _b ا ب و ب |
||
| 100 | 1 |
_aأبو البقاء، أيوب بن موسى الحسيني، _dتوفي 1094 هجري _eمؤلف. |
|
| 245 | 1 | 2 |
_aالكليات : _bمعجم في المصطلحات والفروق اللغوية / _cلأبي البقاء أيوب بن موسى الحسيني الكفوي ؛ قابله على نسخ خطية وأعده للطبع وضع فهارسه د. عدنان درويش، محمد المصري. |
| 250 | _aالطبعة الأولى. | ||
| 264 | 1 |
_aبيروت : _bمؤسسة الرسالة، _c1992 |
|
| 300 |
_a1226 صفحة ؛ _c24 سم |
||
| 336 |
_aنص _btxt _2rdacontent _3كتاب |
||
| 337 |
_aبدون وسيط _bn _2rdamedia |
||
| 338 |
_aمجلد _bnc _2rdacarrier |
||
| 500 | _aيشتمل على كشافات. | ||
| 590 | _aمكتبة الشيخ صالح بن عبد الله المالك. | ||
| 650 | 7 |
_aاللغة العربية _vمعاجم _2aucsh |
|
| 700 | 1 |
_aدرويش، عدنان، _d1931-2014 _eمكشف. |
|
| 700 | 1 |
_aالمصري، محمد _eمكشف. |
|
| 942 |
_2ddc _cBOOK _n0 |
||
| 949 |
_aSA-JeALM _d250328 _umohamedma123 _n1 |
||
| 999 |
_c7170 _d7170 |
||